00173nam a2200073Ia 4500008004100000050001800041100001500059245002500074230915s9999 xx 000 0 und d aHD 30.22.D395 aDWIVED,D N 0aMANAGERIAL ECONOMICS